All Pokémon with Sand Force - Statistics

General Stats
  • This quiz has been taken 3 times
  • The average score is 15 of 18
Answer Stats
(Avail)ability Pokémon % Correct
Hidden Ability Alolan Diglett
100%
Hidden Ability Alolan Dugtrio
100%
Hidden Ability Boldore
100%
Hidden Ability Diglett
100%
Second Ability Drilbur
100%
Hidden Ability Dugtrio
100%
Second Ability Excadrill
100%
Hidden Ability Gigalith
100%
Hidden Ability Hippopotas
100%
Hidden Ability Hippowdon
100%
Only Ability Mega Garchomp
100%
Only Ability Mega Steelix
100%
Hidden Ability Roggenrola
100%
Hidden Ability Gastrodon
50%
Hidden Ability Nosepass
50%
Hidden Ability Probopass
50%
Hidden Ability Shellos
50%
First Ability Landorus (Incarnate Forme)
0%
No matching quizzes found
Score Distribution
Percent of People with Each Score
Percentile by Number Answered
Your Score History
You have not taken this quiz